000 00827cam a22002411 4500
001 sa 67000992
003 DLC
005 20260227112319.0
008 861103s1964 ii 000 0 eng
010 _asa 67000992
025 _aPL480:I-E-7084
035 _a(OCoLC)14628677
040 _aDLC
_cWaU
_dDLC
042 _apremarc
050 0 0 _aHE1783.I4
_bA479
110 1 _aIndia (Republic).
_bRailway Inspectorate.
245 1 0 _aRailway accident;
_breport on derailment of No. 35 Up Kirti Express at Chamaraj Station (Western Railway) on 21st May 1958.
260 _a[Delhi,
_bManager of Publications,
_c1964]
300 _a22 p.
_c34 cm.
500 _aCover title.
650 0 _aRailroad accidents
_zIndia
_vCase studies.
740 0 _aReport on derailment of No. 35 Up Kirti Express at Chamaraj Station (Western Railway)
999 _c72329
_d72329